Competency based logbook and practical manual in anatomy for first professional MBBS (Record no. 393630)

MARC details
000 -LEADER
fixed length control field 00551 a2200193 4500
005 - DATE & TIME
control field 20260101161414.0
008 - FIXED-LENGTH DATA ELEMENTS--GENERAL INFORMATION
fixed length control field 260101b |||||||| |||| 00| 0 eng d
020 ## - ISBN
International Standard Book Number 9789348385017
Price Rs. 450.00
040 ## - CATALOGING SOURCE
Original cataloging agency VIVEKANANDA LIBRARY
082 ## - DDC NUMBER
Classification number 611.0071
Book Number A81C
100 ## - MAIN ENTRY--PERSONAL NAME
Personal name Agrawal, Poonam
245 ## - TITLE STATEMENT
Title Competency based logbook and practical manual in anatomy for first professional MBBS
260 ## - PUBLICATION, DISTRIBUTION, ETC. (IMPRINT)
Name of publisher, distributor, etc CBS Publishers, Distributors
Date of publication, distribution, etc 2026
Place of publication, distribution, etc New Delhi
300 ## - PHYSICAL DESCRIPTION
Pages 195
650 ## - Subject
Subject Anatomy
650 ## - Subject
Subject Human Anatomy
700 ## - Added Entry Personal Name
Added Entry Personal Name Verma, Niket
942 ## - ADDED ENTRY ELEMENTS (KOHA)
Koha item type Books
Holdings
Withdrawn status Lost status Source of classification or shelving scheme Damaged status Not for loan Location (home branch) Sublocation or collection (holding branch) Shelving location Date acquired Koha issues (times borrowed) Koha full call number Accession No. Koha date last seen Koha item type
    Dewey Decimal Classification     VIVEKANANDA LIBRARY VIVEKANANDA LIBRARY Vivekananda Library 04/12/2025   611.0071 A81C 443558 04/12/2025 Books
    Dewey Decimal Classification     VIVEKANANDA LIBRARY VIVEKANANDA LIBRARY Vivekananda Library 04/12/2025   611.0071 A81C 443559 04/12/2025 Books
© Designed and Maintained by Vivekananda Library, MDU Rohtak